<?xml version="1.0" encoding="UTF-8"?>
<record
    xmlns:xsi="http://www.w3.org/2001/XMLSchema-instance"
    xsi:schemaLocation="http://www.loc.gov/MARC21/slim http://www.loc.gov/standards/marcxml/schema/MARC21slim.xsd"
    xmlns="http://www.loc.gov/MARC21/slim">

  <leader>03076cam a2200241 a 4500</leader>
  <controlfield tag="001">16578297</controlfield>
  <controlfield tag="005">20130311143030.0</controlfield>
  <controlfield tag="008">101214s2012    caua     b    000 0 eng  </controlfield>
  <datafield tag="010" ind1=" " ind2=" ">
    <subfield code="a">  2010051833</subfield>
  </datafield>
  <datafield tag="020" ind1=" " ind2=" ">
    <subfield code="a">9781412996037 (pbk.)</subfield>
  </datafield>
  <datafield tag="020" ind1=" " ind2=" ">
    <subfield code="a">1412996031 (pbk.)</subfield>
  </datafield>
  <datafield tag="082" ind1="0" ind2="0">
    <subfield code="a">658.8</subfield>
    <subfield code="2">22</subfield>
    <subfield code="b">CAS</subfield>
  </datafield>
  <datafield tag="245" ind1="0" ind2="0">
    <subfield code="a">Cases in Marketing Management /</subfield>
    <subfield code="c">edited by Kenneth E. Clow, Donald Baack.</subfield>
  </datafield>
  <datafield tag="260" ind1=" " ind2=" ">
    <subfield code="a">Thousand Oaks, Calif. :</subfield>
    <subfield code="b">SAGE,</subfield>
    <subfield code="c">c2012.</subfield>
  </datafield>
  <datafield tag="300" ind1=" " ind2=" ">
    <subfield code="a">ix, 523, [21] p. :</subfield>
    <subfield code="b">ill. ;</subfield>
    <subfield code="c">24 cm.</subfield>
  </datafield>
  <datafield tag="504" ind1=" " ind2=" ">
    <subfield code="a">Includes bibliographical references.</subfield>
  </datafield>
  <datafield tag="505" ind1="0" ind2=" ">
    <subfield code="a">Machine generated contents note: 1.The Nature of Marketing Management -- Chantale and Clinton Call for Service -- 2.Market Analysis -- Genicon: A Surgical Strike Into Emerging Markets -- HyundaiCard's Marketing Strategy -- TerraCycle, Inc. -- 3.Data Warehousing -- Air Miles Canada: Rebranding the Air Miles Reward Program -- Conroy's Acura: Customer Lifetime Value and Return on Marketing -- 4.Building a Customer-Oriented Marketing Department -- A Difficult Hiring Decision at Central Bank -- Boman Communications -- 5.Customer Acquisition Strategies and Tactics -- Ruth's Chris: The High Stakes of International Expansion -- The Ultimate Fighting Championships (UFC): The Evolution of a Sport -- Best Buy Inc. -- Dual Branding in China -- 6.Pricing -- Hanson Production: Pricing for Opening Day -- Sy.Med Development, Inc. -- Arvind Mills: Re-Evaluating Profitability -- 7.Advertising, Alternative and Direct Marketing -- La Hacienda del Sol -- Shoppers Stop -- Targeting the Young -- Eat2Eat.com -- 8.Sales Promotions -- SC Johnson: Planning Coupon Promotions -- Phillips Foods, Inc.: Introducing King Crab to the Trade -- Boots: Hair-Care Sales Promotion -- 9.Personal Selling -- Global Source Healthcare: Allocating Sales Resources -- Spectrum Brands, Inc. -- The Sales Force Dilemma -- Biomed Co., Ltd.: Designing a New Sales Compensation Plan -- 10.Internal Communications -- Retail Execution: Linens 'n Things -- GDR Versus Kodak -- Bart Film Scanner -- 11.External Communications -- Walmart Puerto Rico: Promoting Development Through a Public-Private Partnership -- "Hips Feel Good" -- Dove's Campaign for Real Beauty -- New Balance: Developing an Integrated CSR Strategy -- 12.Distribution and Supply Chain Management -- YvesCreations LLC: Alex Goes to Hollywood -- Eureka Forbes Ltd.: Growing the Water Purifier Business -- Kraft Foods: The Coffee Pod Launch -- 13.Website and Internet Management -- The Entrepreneurs at Twitter: Building a Brand, a Social Tool, or a Tech Powerhouse? -- Anduro Marketing: Internet Services Vs. Software Sales -- Molson Canada: Social Media Marketing -- 14.Customer Retention and Recovery -- Ten Thousand Villages of Cincinnati: The First Year and Beyond -- Personal Shoppers at Sears: The Elf Initiative -- 15.Marketing Control -- Microsoft and the Xbox 360 Ring of Death -- Kenexa.</subfield>
  </datafield>
  <datafield tag="650" ind1=" " ind2="0">
    <subfield code="a">Marketing</subfield>
    <subfield code="x">Management</subfield>
    <subfield code="v">Case studies.</subfield>
    <subfield code="9">32799</subfield>
  </datafield>
  <datafield tag="653" ind1=" " ind2=" ">
    <subfield code="b">Bus</subfield>
    <subfield code="c">March2013</subfield>
  </datafield>
  <datafield tag="700" ind1="1" ind2=" ">
    <subfield code="a">Clow, Kenneth E.</subfield>
    <subfield code="9">19992</subfield>
  </datafield>
  <datafield tag="700" ind1="1" ind2=" ">
    <subfield code="a">Baack, Donald.</subfield>
    <subfield code="9">19995</subfield>
  </datafield>
  <datafield tag="942" ind1=" " ind2=" ">
    <subfield code="2">ddc</subfield>
    <subfield code="c">BB</subfield>
  </datafield>
  <datafield tag="999" ind1=" " ind2=" ">
    <subfield code="c">17347</subfield>
    <subfield code="d">17319</subfield>
  </datafield>
  <datafield tag="952" ind1=" " ind2=" ">
    <subfield code="0">0</subfield>
    <subfield code="1">0</subfield>
    <subfield code="2">ddc</subfield>
    <subfield code="4">0</subfield>
    <subfield code="7">0</subfield>
    <subfield code="8">Baccah</subfield>
    <subfield code="a">MAIN</subfield>
    <subfield code="b">MAIN</subfield>
    <subfield code="c">1ST</subfield>
    <subfield code="d">2013-03-11</subfield>
    <subfield code="e">purchase</subfield>
    <subfield code="l">0</subfield>
    <subfield code="o">658.8 CAS</subfield>
    <subfield code="p">000028453</subfield>
    <subfield code="r">2025-07-15 00:00:00</subfield>
    <subfield code="y">NB</subfield>
  </datafield>
  <datafield tag="952" ind1=" " ind2=" ">
    <subfield code="0">0</subfield>
    <subfield code="1">0</subfield>
    <subfield code="2">ddc</subfield>
    <subfield code="4">0</subfield>
    <subfield code="7">0</subfield>
    <subfield code="8">Baccah</subfield>
    <subfield code="a">MAIN</subfield>
    <subfield code="b">MAIN</subfield>
    <subfield code="c">1ST</subfield>
    <subfield code="d">2013-03-11</subfield>
    <subfield code="e">purchase</subfield>
    <subfield code="l">2</subfield>
    <subfield code="m">3</subfield>
    <subfield code="o">658.8 CAS</subfield>
    <subfield code="p">000028454</subfield>
    <subfield code="r">2025-07-15 00:00:00</subfield>
    <subfield code="s">2017-04-26</subfield>
    <subfield code="y">BB</subfield>
  </datafield>
  <datafield tag="952" ind1=" " ind2=" ">
    <subfield code="0">0</subfield>
    <subfield code="1">0</subfield>
    <subfield code="2">ddc</subfield>
    <subfield code="4">0</subfield>
    <subfield code="7">0</subfield>
    <subfield code="8">Baccah</subfield>
    <subfield code="a">MAIN</subfield>
    <subfield code="b">MAIN</subfield>
    <subfield code="c">1ST</subfield>
    <subfield code="d">2013-03-11</subfield>
    <subfield code="e">purchase</subfield>
    <subfield code="l">3</subfield>
    <subfield code="m">18</subfield>
    <subfield code="o">658.8 CAS</subfield>
    <subfield code="p">000028455</subfield>
    <subfield code="r">2025-07-15 00:00:00</subfield>
    <subfield code="s">2018-04-04</subfield>
    <subfield code="y">BB</subfield>
  </datafield>
  <datafield tag="952" ind1=" " ind2=" ">
    <subfield code="0">0</subfield>
    <subfield code="1">0</subfield>
    <subfield code="2">ddc</subfield>
    <subfield code="4">0</subfield>
    <subfield code="7">0</subfield>
    <subfield code="8">Baccah</subfield>
    <subfield code="a">MAIN</subfield>
    <subfield code="b">MAIN</subfield>
    <subfield code="c">1ST</subfield>
    <subfield code="d">2013-03-11</subfield>
    <subfield code="e">purchase</subfield>
    <subfield code="l">3</subfield>
    <subfield code="m">5</subfield>
    <subfield code="o">658.8 CAS</subfield>
    <subfield code="p">000028456</subfield>
    <subfield code="r">2025-07-15 00:00:00</subfield>
    <subfield code="s">2018-02-10</subfield>
    <subfield code="y">BB</subfield>
  </datafield>
</record>
